Virashaiva dharma: Ondu punaravalokana (Record no. 215014)

MARC details
000 -LEADER
fixed length control field 00696nam a2200217Ia 4500
003 - CONTROL NUMBER IDENTIFIER
control field OSt
005 - DATE AND TIME OF LATEST TRANSACTION
control field 20250806110618.0
008 - FIXED-LENGTH DATA ELEMENTS--GENERAL INFORMATION
fixed length control field 210719s2005 xx 000 0 und d
040 ## - CATALOGING SOURCE
Transcribing agency AL
041 ## - LANGUAGE CODE
Language code of text/sound track or separate title Kannada
082 ## - DEWEY DECIMAL CLASSIFICATION NUMBER
Classification number 294.5513K SHIV
100 ## - MAIN ENTRY--PERSONAL NAME
Personal name SHIVAKUMARA SVAMI (M) Ed
Dates associated with a name ಶಿವಕುಮಾರ ಸ್ವಾಮಿ (ಎಂ)
9 (RLIN) 234194
245 ## - TITLE STATEMENT
Title Virashaiva dharma: Ondu punaravalokana
Remainder of title ವೀರಶೈವ ಧರ್ಮ: ಒಂದು ಪುನರಾವಲೋಕನ
260 ## - PUBLICATION, DISTRIBUTION, ETC.
Place of publication, distribution, etc. Bengaluru
Date of publication, distribution, etc. 2005
300 ## - PHYSICAL DESCRIPTION
Extent 174
Other physical details PB
365 ## - TRADE PRICE
Price amount 120
Currency code Rs
650 ## - SUBJECT ADDED ENTRY--TOPICAL TERM
Topical term or geographic name entry element Hinduism
9 (RLIN) 234195
650 ## - SUBJECT ADDED ENTRY--TOPICAL TERM
Topical term or geographic name entry element Religion
9 (RLIN) 234196
906 ## - LOCAL DATA ELEMENT F, LDF (RLIN)
a dharma ; Ondu ; punaravalokana ; Virashaiva
942 ## - ADDED ENTRY ELEMENTS (KOHA)
Source of classification or shelving scheme Dewey Decimal Classification
Koha item type Book
Holdings
Withdrawn status Lost status Source of classification or shelving scheme Damaged status Not for loan Collection code Home library Current library Date acquired Source of acquisition Cost, normal purchase price Total Checkouts Full call number Barcode Date last seen Price effective from Koha item type
    Dewey Decimal Classification     Kannada St Aloysius Library St Aloysius Library 06/09/2009 General Annual 120.00   294.5513K SHIV D03630 07/19/2021 07/19/2021 Donated Books